5, 6, 7, o 8? - Statistics

Statistiche generali
  • Questo quiz è stato fatto 133 volte
  • Il punteggio medio è 9 su 15
Statistiche sulle risposte
Domanda Risposta % Corretto
Quanti anni di sfortuna deve scontare chi rompe uno specchio? 7
96%
Quale numero inizia con "O" in spagnolo? 8
93%
Quante sono le Spice Girls? 5
91%
Quanti pianeti ci sono nel Sistema Solare? 8
76%
Quante punte ha la Stella di Davide? 6
68%
Quante zampe ha un insetto? 6
66%
Secondo la Bibbia, in quale giorno della creazione Dio crea l'uomo? 6
65%
Quanti bits ci sono in un byte? 8
57%
Quanti sono i Grandi Laghi del Nord America? 5
47%
Se si lanciano due dadi, qual è il numero più probabile che si può ottenere? 7
39%
Quante medaglie d'oro vinse Michael Phelps nelle Olimpiadi del 2008? 8
36%
In quale "episodio" della saga di Star Wars compaiono per la prima volta gli Ewoks? 6
35%
Qual è considerato il numero più fortunato in Cina? 8
32%
Qual è il numero atomico dell'Ossigeno? 8
32%
Quante mogli ebbe il re inglese Enrico VIII? 6
31%
Nessun quiz corrispondente trovato
Distribuzione punteggi
Percentuale di utenti per punteggio
Percentile per numero di risposta
I tuoi punteggi nel tempo
Non hai fatto questo quiz